Datum a čas kvízu
29
Celkem bodů
Celkový počet nahraných bodů na tomto kvízu bez doplňovacích otázek.
7.
Pořadí na kvízu
Konečné umístění týmu na tomto kvízu.
Zaznamenané odpovědi
| # | Otázka | Odpověď | Body | Výsledky |
|---|---|---|---|---|
| 1. | Minulý týden zemřel pan Franti... | B) pivovar ve Svijanech | 1 | |
| 2. | Do Venezuely dorazila bílá lví... | z Hodonína | 0 | |
| 3. | Nejsledovanější kauza současno... | 15 milionů USD | 0 | |
| 4. | V úterý jsme se dozvěděli, že... | Orsay | 1 | |
| 5. | Hokejista Jaromír Jágr předsta... | konopí | 1 | |
| 6. | V dalším díle této tematické s... | arapaima | 1 | |
| 7. | Paulinie nápojná je známá hlav... | guarana | 1 | |
| 8. | Tento pták je druhým největším... | harpyje | 1 | |
| 9. | S podobně vypadajícím zvířetem... | ocelot | 0 | |
| 10. | Tato zelenina pochází z Jižní... | ačokča | 0 |